Catalog

Record Details

Catalog Search



Metody práce u jedinců s těžkým postižením a více vadami  Cover Image Book Book

Metody práce u jedinců s těžkým postižením a více vadami / Dagmar Opatřilová

Record details

  • ISBN: 80-210-3819-5
  • ISBN: 978-80-210-3819-6
  • Physical Description: 146 s. : il. ; 21 cm
  • Edition: 1. vyd.
  • Publisher: Brno : Masarykova univerzita, 2005

Content descriptions

General Note:
500 výt.
Dotisk r. 2008
Nad názvem: Masarykova univerzita v Brně, Pedagogická fakulta, Katedra speciální pedagogiky
Bibliography, etc. Note:
Obsahuje bibliografii a bibliografické odkazy
Subject: osoby s kombinovaným postižením
výchova a vzdělávání
people with combined disabilities
education
Genre: učebnice vysokých škol
textbooks (higher)

Available copies

  • 1 of 1 copy available at Common Catalog SPOK.

Holds

  • 0 current holds with 1 total copy.
Show Only Available Copies
Location Call Number / Copy Notes Barcode Shelving Location Status Due Date
Jabok Library PeS-5.8 424480026715 Odborná literatura Available -

LDR 01922nam a2200445 a 4500
00116646
003CZ-PrJAB
00520200210150932.0
007ta
008051125s2005 xr a e p 000 0 cze
015 . ‡acnb001632673 ‡zcnb001866286
020 . ‡a80-210-3819-5 ‡q(brož.)
020 . ‡a978-80-210-3819-6 ‡q(dotisk ; ‡qbrož.) ‡z80-210-3819-5
035 . ‡a(CZ PrNK)nkc20051632673
035 . ‡a(OCoLC)85524820
040 . ‡aBOA001 ‡bcze ‡dABA001
072 7. ‡a376 ‡xVýchova a vzdělávání zvláštních skupin osob ‡2Konspekt ‡922
072 7. ‡a37.016 ‡xUčební osnovy. Vyučovací předměty. Učebnice ‡2Konspekt ‡922
080 . ‡a316.344.6-056.26/.3 ‡2MRF
080 . ‡a376 ‡2MRF
080 . ‡a(075.8) ‡2MRF
1001 . ‡aOpatřilová, Dagmar, ‡d1962- ‡7mzk2003214546 ‡4aut
24510. ‡aMetody práce u jedinců s těžkým postižením a více vadami / ‡cDagmar Opatřilová
250 . ‡a1. vyd.
260 . ‡aBrno : ‡bMasarykova univerzita, ‡c2005
300 . ‡a146 s. : ‡bil. ; ‡c21 cm
500 . ‡a500 výt.
500 . ‡aDotisk r. 2008
500 . ‡aNad názvem: Masarykova univerzita v Brně, Pedagogická fakulta, Katedra speciální pedagogiky
504 . ‡aObsahuje bibliografii a bibliografické odkazy
65007. ‡aosoby s kombinovaným postižením ‡7ph137877 ‡2czenas
65007. ‡avýchova a vzdělávání ‡7ph127419 ‡2czenas
65009. ‡apeople with combined disabilities ‡2eczenas
65009. ‡aeducation ‡2eczenas
655 7. ‡aučebnice vysokých škol ‡7fd133772 ‡2czenas
655 9. ‡atextbooks (higher) ‡2eczenas
7102 . ‡aMasarykova univerzita. ‡bKatedra speciální pedagogiky ‡7kn20010709452
910 . ‡aABG312
995 . ‡aska
901 . ‡a16646 ‡bCZ PrNK ‡c16646 ‡tbiblio

Additional Resources